Normal view
MARC view
Entry Meeting Name
001 - CONTROL NUMBER
- control field: 8509
003 - CONTROL NUMBER IDENTIFIER
- control field: OSt
005 - DATE AND TIME OF LATEST TRANSACTION
- control field: 20211105133013.0
008 - FIXED-LENGTH DATA ELEMENTS
- fixed length control field: 211105|| aca||aabn | a|a d
040 ## - CATALOGING SOURCE
- Original cataloging agency: OSt
- Transcribing agency: OSt
111 ## - HEADING--MEETING NAME
- Meeting name or jurisdiction name as entry element: International Astronomical Union Symposium
- Number of part/section/meeting: 68th
- Location of meeting: Buenos Aires, Argentina
- Date of meeting or treaty signing: 1974 Jun. 11-14
670 ## - SOURCE DATA FOUND
- Source citation: Work cat.: (OSt): International Astronomical Union Symposium 68th Buenos Aires, Argentina 1974 Jun. 11-14, Solar gamma, x-, and euv radiation, 1975